000 00739nam0a22002531 4500
001 rc\1146099
005 20250622195635.0
035 _a(NLR Aleph) 006392148
090 _a5158018
_c5158018
100 _a20041129d1980 |||y0rusy50 ca
101 0 _arus
102 _aRU
105 _aa |||||||||
200 1 _aМясные блюда
210 _aТаллин
_cВалгус
_d1980
215 _a256 с., 8 л. цв. ил.
_cил.
_d20
320 _aПредм. указ.: с. 252-255
700 1 _aМассо
_bС.О.
_gСальме Оскаровна
701 1 _aРельве
_bО.Т.
_gОльга Тынисовна
801 0 _aRU
_bNLR
_gpsbo
801 1 _aRU
_bELAR
_2rusmarc
852 _aNLR
_j81-3/6901
942 _cBOOK
980 _aNB